000 00823nam a2200217Ii 4500
003 JO-AjNU
008 230605s9999||||xx |||||||||||||| ||und||
017 _a2007/8/2519
040 _aJO-AjNU
_bara
_erda
_cJO-AjNU
041 _aara
050 1 4 _aHD30.A56.2008
100 3 _aالعاني،مزهر شعبان/شوقي ناجي جواد,
_eauthor
_929628
245 0 0 _aالعملية الادارية وتكنولوجيا المعلومات
250 _aط1
264 3 1 _aالشارقة،عمان:مكتبة الجامعة،دار اثراء للنشر والتوزيع،2008
300 _a294ص
336 _atext
_btxt
_2rdacontent
337 _aunmediated
_bn
_2rdamedia
338 _avolume
_bnc
_2rdacarrier
650 4 _aادارة اعمال-معالجة بيانات-نظم معلومات ادارية
_929629
999 _aA11646
_c15214
_d15214